Catálogo
 En Linea
Vista normal Vista MARC

Entrada Nombre de reunión

Número de registros utilizados en: 2

001 - NÚMERO DE CONTROL

  • campo de control: 84299

003 - IDENTIFICADOR DEL NÚMERO DE CONTROL

  • campo de control: DO-SdBNP

005 - FECHA Y HORA DE LA ÚLTIMA TRANSACCIÓN

  • campo de control: 20230928142846.0

008 - DATOS DE LONGITUD FIJA

  • campo de control de longitud fija: 230928|| aca||aabn | a|a d

040 ## - FUENTE DE LA CATALOGACIÓN

  • Centro catalogador/agencia de origen: DO-SdBNP
  • Centro/agencia transcriptor: DO-SdBNP

111 ## - ENCABEZAMIENTO--NOMBRE DE CONGRESO/REUNIÓN

  • Nombre de congreso/reunión o jurisdicción como elemento de entrada: Seminario sobre los restos de Cristóbal Colón.
  • Número del congreso/reunión o número de parte o sección: (1e.:
  • Fecha del congreso/reunión: 1985:
  • Sede del congreso/Lugar de la reunión: Santo Domingo, República Dominicana)

670 ## - FUENTE DE DATOS ENCONTRADOS

  • Cita de la fuente: Work cat.: (DO-SdBNP)55003: Seminario sobre los restos de Cristóbal Colón. (1e.: 1985: Santo Domingo, República Dominicana) autor, Seminario sobre los restos de Cristóbal Colón. /

Con tecnología Koha